<?xml version="1.0" encoding="UTF-8"?>
<collection xmlns="http://www.loc.gov/MARC21/slim">
  <record>
    <leader>00000nam  2200000   4500</leader>
    <controlfield tag="001">INLIS000000000016890</controlfield>
    <controlfield tag="005">20240313114641</controlfield>
    <datafield tag="035" ind1="#" ind2="#">
      <subfield code="a">0010-0324000037</subfield>
    </datafield>
    <controlfield tag="007">ta</controlfield>
    <controlfield tag="008">240313################|##########|#|##</controlfield>
    <datafield tag="084" ind1="#" ind2="#">
      <subfield code="a">R 022 LATSAR 2021</subfield>
    </datafield>
    <datafield tag="100" ind1=" " ind2="#">
      <subfield code="a">Yandi Dwi Himawan</subfield>
    </datafield>
    <datafield tag="245" ind1="1" ind2="#">
      <subfield code="a">Optimalisasi Pencegahan Pelanggaran Netralitas ASN Melalui Pemanfaatan Infogradis dan Video Animasi di Web dan Media Sosial Bawaslu DKI Jakarta /</subfield>
      <subfield code="c">Yandi Dwi Himawan</subfield>
    </datafield>
    <datafield tag="260" ind1="#" ind2="#">
      <subfield code="a">Jakarta :</subfield>
      <subfield code="b">Pusbangkader,</subfield>
      <subfield code="c">2021</subfield>
    </datafield>
    <datafield tag="300" ind1="#" ind2="#">
      <subfield code="a">50 halaman ;</subfield>
      <subfield code="c">30 cm</subfield>
    </datafield>
    <datafield tag="650" ind1="#" ind2="4">
      <subfield code="a">Pencegahan Pelanggaran Netralitas ASN</subfield>
    </datafield>
    <datafield tag="520" ind1="#" ind2="#">
      <subfield code="a">Sebagai upaya untuk melakukan pencegahan atas terjadinya pelanggaran netralitas ASN perlu adanya tindakan sosialisasi dalam rangka memberikan pemahaman kepada ASN tentang pelanggaran ASN mulai dari tindakan yang dilarang, proses penidakannya sampai sanksi yang diberikan. Namun saat ini belum ada langkah sosialiasi yang dilakukan Bawaslu Prov. DKI Jakarta terutama di web instansi yang mana saat ini web adalah salah satu sumber informasi yang paling mudah diakses masyarakat.</subfield>
    </datafield>
    <datafield tag="600" ind1="#" ind2="4">
      <subfield code="a">ASN</subfield>
    </datafield>
    <datafield tag="856" ind1="#" ind2="#">
      <subfield code="a">Perpustakaan LAN Pusat</subfield>
    </datafield>
    <datafield tag="990" ind1="#" ind2="#">
      <subfield code="a">23.11.022</subfield>
    </datafield>
  </record>
</collection>
